01546nam a2200205Ia 4500001001300000003001000013005001700023008004100040040002500081041000700106100007600113245019900189260003100388300001200419500011600431520060900547650002901156654000901185700014601194b4894-32128 IT-MiCISF20250721135734.0161014s9999||||xx |||||||||||||| ||und|| aIT-MiCISFcIT-MiCISF ait aUfficio Nazionale della CEI per la Pastorale della Famiglia (a cura di) 0aLa reciprocità verginità-matrimonio. Profezia di comunione nella Chiesa sposa.b Atti del seminario di studio organizzato da CEI-Uff. Naz. per la Pastorale della Famiglia, U.S.M.I., C.I.S.M. a Siena,bCantagalli,c2000 app. 343 a pastorale-familiare, verginità, matrimonio-sacramento, teologia, bibbia, magistero, religioni-non-cristiane  aL'Ufficio nazionale per la pastorale familiare della CEI sin dal 1997 ha avvertito l'esigenza di approfondire il tema della reciprocità vocazionale esistente tra i fedeli chiamati a seguire Cristo nel matrimonio e nella verginità. Da tale esigenza sono scaturiti finora tre seminari di studio, gli atti dell'ultimo dei quali sono contenuti nel presente volume. Il dibattito ha fornito una ricostruzione della problematica matrimonio-verginità sotto il profilo biblico (G. Bruni), storico-teologico (M. Aliotta), liturgico (L. Crociani), ecclesiologico (C. Militello), antropologico (C. Valenziano). aPastorale-familiaree012 aatti aAliotta M., Bartolini E., Bruni G., Crociani L., Danese A., Di Nicola G.P., Militello C., Palumbo E., Torti R., Vasciaveo C., Valenziano C.